000 00962nac a22002897a 4500
001 BR7907502
003 BR-BrBNA
005 20240105114538.0
008 230509b bl.|||m| |||| 00| 0 por d
040 _aBR-BrBNA
_bpor
_cBiblioteca Nacional de Agricultura
072 _aF30
090 _a0120 BR7907502
100 1 _aSiqueira, L.A.
100 1 _aSobral, L.F.
110 1 _aUnidade de Execucao de Pesquisa de Ambito Estadual de Aracaju, SE (Brasil)
_910344
245 1 _aVariedades e hibridos de milho em competicao no estado de Sergipe [Brasil]
260 3 _aAracaju, SE (Brasil):
_c1979.
300 _a9 p.
490 _aComunicado Tecnico - Unidade de Execucao de Pesquisa de Ambito Estadual de Aracaju (Brazil)
_vno. 1
_xISSN 0100-4867
650 _aMILHO
650 _aVARIEDADE
650 _aHIBRIDO
650 _aCOMPETICAO DE VARIEDADE
650 _aSERGIPE
909 _a202312
_bLúcia Elande
_c55
_dLúcia Elande
942 _2AGRIS
_n0
_cMS
999 _c269960
_d269960